000 00705nam a2200289Ia 4500
005 20260324131343.0
008 008 260324s9999 xx 000 0 eng d
020 _a9780203415993
037 _aEBOOK
040 _aCRL
040 _beng
040 _cCRL
041 _2eng
041 _aeng
084 _qCRL
100 _aTim Pound
_91185199
245 4 _aThe International Baccalaureate Diploma Programme
245 3 _bAn Introduction for Teachers and Managers
260 _bTaylor and Francis
260 _c2006
365 _a
365 _b230
856 _uhttp://www.taylorfrancis.com/books/9780203415993
942 _cEBOOK
999 _c1782261
_d1782261